LDR 01107nam a2200229 4500 001 000000367400 003 CaOOAMICUS 005 20260423104537.0 008 260422s2017 it a 000 u ita r 040 $aSeMil$bita 100 1 $aSardi, Giuseppe Gabriele.$0(OLS)http://semarc/name/124210 245 10$aScritti di viaggio di Paolo Andreani :$bosservazioni e percorsi di un Conte irrequieto /$cGiuseppe Gabriele Sardi. 264 1$a[Brugherio] :$bComune di Brugherio,$cstampa 2017. 300 $aIV, 149 p., [6] c. di tav. :$bill. ;$c30 cm 500 $aAi piè del front.: Assessorato alla cultura 600 14$aAndreani, Paolo <1763-1823>.$0(OLS)http://semarc/subject/46539 850 $aSeMil 852 $aSeMil$W1$xVenegono$y1$m3J VI 135$j270751$B258100$CSeMilBibl$Z2$F258100 $81 961 $aCaspani Maurizio - Lascito -- Con dedica 996 $6245$aScritti di viaggio di Paolo Andreani :$bosservazioni e percorsi di un Conte irrequieto$9(OLS)http://semarc/title/459320 996 $6264$a[Brugherio] :$bComune di Brugherio$9(OLS)http://semarc/publisher/46232